• AIU
  • Tony Wilmot Memorial Library

They built for the future; a chronicle of Makerere University College, 1922-1962. (Record no. 35945)

MARC details
000 -LEADER
fixed length control field 00851nam a22002531a 4500
001 - CONTROL NUMBER
control field 8921793
005 - DATE AND TIME OF LATEST TRANSACTION
control field 20110718132108.0
008 - FIXED-LENGTH DATA ELEMENTS--GENERAL INFORMATION
fixed length control field 720106s1964 enka b 001 0 eng
010 ## - LIBRARY OF CONGRESS CONTROL NUMBER
LC control number 64021556
015 ## - NATIONAL BIBLIOGRAPHY NUMBER
National bibliography number GB64-19229
035 ## - SYSTEM CONTROL NUMBER
-- (DLC) 64021556
035 ## - SYSTEM CONTROL NUMBER
System control number (OCoLC)192007
040 ## - CATALOGING SOURCE
Original cataloging agency DLC
Transcribing agency ODaWU
Modifying agency OCoLC
-- Uk
-- DLC
050 00 - LIBRARY OF CONGRESS CALL NUMBER
Classification number LG421.K35
Item number M3
100 1# - MAIN ENTRY--PERSONAL NAME
Personal name Macpherson, Margaret.
245 10 - TITLE STATEMENT
Title They built for the future; a chronicle of Makerere University College, 1922-1962.
Medium [Text]
260 ## - PUBLICATION, DISTRIBUTION, ETC. (IMPRINT)
Place of publication, distribution, etc Cambridge [Eng.]
Name of publisher, distributor, etc University Press
Date of publication, distribution, etc 1964
300 ## - PHYSICAL DESCRIPTION
Extent 212 p. illus. 24 cm.
504 ## - BIBLIOGRAPHY, ETC. NOTE
Bibliography, etc Bibliographical references included in "Notes" (p. 190-206)
610 20 - SUBJECT ADDED ENTRY--CORPORATE NAME
Corporate name or jurisdiction name as entry element Makerere University College
906 ## - LOCAL DATA ELEMENT F, LDF (RLIN)
a 7
b cbc
c oclcrpl
d u
e ncip
f 19
g y-gencatlg
985 ## -
-- OCLC REPLACEMENT
991 ## -
-- c-GenColl
-- LG421.K35
-- M3
-- Copy 1
-- OCLCREP
Holdings
Withdrawn status Lost status Source of classification or shelving scheme Damaged status Not for loan Collection code Home library Current library Shelving location Date acquired Source of acquisition Cost, normal purchase price Total Checkouts Full call number Barcode Date last seen Date checked out Copy number Price effective from Koha item type
    Library of Congress Classification     General Circulation AIU/NEGST - Tony Wilmot Memorial Library AIU/NEGST - Tony Wilmot Memorial Library General Stacks 02/02/2010 Donation 29.00 1 LG 421.K35M3 1964 R22995P3232 02/09/2021 02/09/2021 1 02/02/2010 Africana collection (General)